Velar la imagen. Figuras de la pietà en el arte chileno.

Gardado en:
Detalles Bibliográficos
Autor Principal: López, Paz (autora)
Formato: Unknown
Publicado: Viña del Mar, Chile: Ediciones Mundana, 2021
Series:La tela y el papel
Subjects:
Tags: Engadir etiqueta
Sen Etiquetas, Sexa o primeiro en etiquetar este rexistro!

MARC

LEADER 00000 a2200000 4500
003 CL-VaPUC
005 20220725093317.0
008 220705t2021 ||||| |||| 00| 0 eng d
999 |c 436699  |d 436697 
020 |a 978-956-09071-8-9 
040 |c Pontificia Universidad Católica de Valparaíso 
082 7 |a 709.83 LOP 2021  |2 22 
100 |a López, Paz  |9 872197  |e autora 
245 |a Velar la imagen.  |b Figuras de la pietà en el arte chileno. 
260 |a Viña del Mar, Chile:  |b Ediciones Mundana,  |c 2021 
300 |a 113 páginas. 
490 |a La tela y el papel 
583 |k Catalogador Asistente  |c 20220705 
650 |a Bellas artes  |x Muerte  |x Critica e interpretación   |z Chile  |9 872997 
942 |2 ddc  |c BK 
952 |0 0  |1 0  |2 ddc  |4 0  |6 709_830000000000000_LOP_2021  |7 0  |8 A  |9 584394  |a BIBART  |b BIBART  |d 2022-07-05  |e 135  |g 12000.00  |i 5652521  |l 9  |m 5  |o 709.83 LOP 2021  |p 5652521  |r 2025-03-13  |s 2024-06-06  |t 1  |v 12000.00  |w 2022-07-05  |y BK  |k ART